000 00551nam a2200217Ia 4500
005 20250425162826.0
008 250425s9999 xx 000 0 und d
020 _a9783662549766
041 _aeng
082 _a622.3382
_pLIU
100 _aLIU, HONGQI
245 0 _aPRINCIPLES AND APPLICATIONS OF WELL LOGGING
250 _a2ND ED.
264 _aAlemania, BERLIN
_bSPRINGER GEOPHYSICS
_c2017.
300 _a356
650 _aGEOFISICA
650 _aINGENIERIA PETROLERA
650 _aMECANICA DE ROCAS
942 _c01
010 _a110520
999 _c237213
_d237213